00875nab a22002057a 4500999001500000003000400015005001700019008004100036040000700077100002800084245007600112300001500188505019300203505007200396650002800468650001900496650003700515773010400552942001300656 c5832d5832OSt20260107125317.0190514b xxu||||| |||| 00| 0 spa d cPJ 96244aVeloso, Sandra F.10aAlimentos provisorios y compensación económica /cSandra F. Veloso. ap. 178-183 aSumario: I. Conceptos preliminares.— II. Alimentos provisorios y compensación económica.— III. El límite temporal de los alimentos y sus efectos en la compensación económica. tSi te interesa el texto, comunicate a koha@justierradelfuego.gov.ar 09967aDERECHO DE FAMILIA 09968aALIMENTOS 095830aCOMPENSACIÓN ECONÓMICA0 0284493222dBuenos Aires : AbeledoPerrot, 1989-tDerecho de familia. N° 118 - Marzo 2025z18511201 2udccANA